000 00772cab a2200217 4500
001 X96911
008 090401t1999 xxu||||| |||| 00| 0 eng d
035 _a(Sirsi) u91577
041 _aeng
245 _aPlatform Homes Limited v Oyston Shipways Limited and others
260 _c1999
350 _a0
490 _aNew Property Cases
_v[1999] NPC 21, (6)
520 _aHL 19 February 1999. The application of the principles in SAAMCO as qualified by the Law Reform (Contributory Negligence) Act 1945. (Headnote from Journal) NOT TO BE PHOTOCOPIED
650 _aLAW REFORM (CONTRIBUTORY NEGLIGENCE) ACT 1945
650 _aPLATFORM HOME LOANS LTD V OYSTON SHIPWAYS LTD AND OTHERS
650 _aSAAMCO
690 _aNEGLIGENCE
942 _n0
948 _c25/02/1999
999 _c58147
_d58147